| 000 | 00805nas a2200265 4500 | ||
|---|---|---|---|
| 001 | BR9705011 | ||
| 003 | BR-BrBNA | ||
| 005 | 20231205100602.0 | ||
| 007 | ta | ||
| 008 | 230509b bl.|||p| |||| 00| 00por d | ||
| 040 |
_aBR-BrBNA _bpor _cBiblioteca Nacional de Agricultura |
||
| 041 | _a(Pt) | ||
| 072 | _aL40 | ||
| 100 | 1 | _aMachado, M.R.F. | |
| 100 | 1 | _aMiglino, M.A. | |
| 100 | 1 | _aCabral, V.P. | |
| 100 | 1 | _aHonsho, D.K. | |
| 245 | 1 | _aRamificacao da arteria mesenterica cranial em bubalinos sem raca definida (Bubalus bubalis, Linnaeus, 1758) | |
| 650 | _aBufalo | ||
| 650 | _aArteria Mesenterica | ||
| 650 | _aIntestino | ||
| 773 | 0 |
_tVeterinaria Noticias (Brazil) _xISSN 0104-3463 _g(1997), v. 3(1) p. 21-27 _wBR9705011 |
|
| 909 |
_a202311 _bLúcia _c55 _dLúcia Elande |
||
| 942 |
_2AGRIS _n0 _cANA |
||
| 999 |
_c156841 _d156841 |
||